00433 2200169 4500001002100000005001500021008004100036020002200077035001900099041000700118082000800125090001400133100002900147245002700176260003800203300002200241INLIS00000000003145220241224133212241224||||||||| | ||| |||| || |  a978-979-3210-84-1 0010-1224031452 aid0 a813 a813 HAB k0 aHabiburrahman El Shirazy00aKetika Cinta Bertasbih aJakarta Selatan.bRepublikac2007 a477halaman;20,5cm